00649nam a2200229 a 4500001001300000003000900013005001700022008004100039020000800080082001500088100001600103245004000119260004200159300000900201500003500210505001000245650002300255902000800278942000700286952011100293999001500404nice12345678IN_TiNIC20260116011441.0050524s1937 newa grp 000 0 eng  ac000a891.5bSHE aShea, David aOriental Literature Or the Dabistan aNew YorkbTudor Publishing Co.,c1937 a411p aincludes index and biblioraphy2 aIllus aPersian Literature bSRS cBK 001040708StackRoom-aHMIbHMId2005-05-24g0.00l0o891.5 SHEp00848r2005-05-24v0.00w2005-05-24yBK c1652d1652